00484 2200193 4500001002100000005001500021008004100036020001800077035002500095041000800120082001000128090001000138100001100148245002400159250001600183260003300199300003400232650002400266INLIS00000000001621420130516025401 ind  a979-3034-64-5 a0010-051300000016214 aind a613.7 a613.7 aErwan, aTerapi Pencak Silat aCetakan : 1 aJakartabKawan Pustakac2003 aviii, 64 hlm. : ilus. ;26 cm. aTerapi Pencak Silat